Statystyki dla Świat starożytnej Grecji

Kliknij tutaj aby rozwiązać quiz!

Ogólne statystyki

  • Ten quiz został rozwiązany 150 razy
    (135 od ostatniego zresetowania)
  • Średni wynik to 10 z 21

Odpowiedzi na mapie

Odpowiedzi skodowane kolorowo w zielono-czerwonej skali na mapie do tego quizu, zgodnie z poniższymi procentami.
 

Statystyki odpowiedzi

Odpowiedź% Poprawnych
Kreta
81%
Morze Jońskie
74%
Peloponez
68%
Macedonia
67%
Morze Egejskie
67%
Rodos
67%
Attyka
65%
Morze Marmara
61%
Bizancjum
59%
Olimp
48%
Epir
45%
Knossos
45%
Mykeny
41%
Olimpia
41%
Eubea
39%
Delos
30%
Milet
25%
Hellespont
23%
Efez
22%
Halikarnas
22%
Ilion
13%

Rozkład punktacji

Percentyl według liczby udzielonych odpowiedzi

Procent ludzi z każdym wynikiem

Twoja historia wyników

Nie rozwiązałeś tego quizu od ostatniego zresetowania